Introduction to the study of animal populations / (Record no. 6605)
[ view plain ]
| 000 -LEADER | |
|---|---|
| fixed length control field | 00690nam a2200241 i 4500 |
| 001 - CONTROL NUMBER | |
| JCCL Control Number | 6605 |
| 003 - CONTROL NUMBER IDENTIFIER | |
| JCCL marc code | BD-JhCC |
| 005 - DATE AND TIME OF LATEST TRANSACTION | |
| control field | 20180127104521.0 |
| 008 - FIXED-LENGTH DATA ELEMENTS--GENERAL INFORMATION | |
| fixed length control field | 970508s1961 enka 001 0 eng d |
| 035 ## - SYSTEM CONTROL NUMBER | |
| system control number | (BD-JhCC)6605 |
| 040 ## - CATALOGING SOURCE | |
| Original cataloging agency | BD-JhCC |
| Transcribing agency | CHS |
| Modifying agency | BD-JhCC |
| 041 ## - LANGUAGE CODE | |
| Language code of Book | eng |
| 082 04 - DEWEY DECIMAL CLASSIFICATION NUMBER | |
| Classification number | 591.524 |
| DDC Edition number | 18 |
| Author mark and Year | AND 1963 |
| 100 1# - MAIN ENTRY--PERSONAL NAME | |
| Personal name | Andrewartha, H. G. |
| Fuller form of name | (Herbert George), |
| Dates associated with a name | 1907-1992 |
| 245 10 - TITLE STATEMENT | |
| Title | Introduction to the study of animal populations / |
| Statement of responsibility, etc | by H.G. Andrewartha. |
| 260 ## - PUBLICATION, DISTRIBUTION, ETC. (IMPRINT) | |
| Place of publication, distribution, etc | London : |
| Name of publisher, distributor, etc | Methuen, |
| Date of publication, distribution, etc | c1961. |
| 300 ## - PHYSICAL DESCRIPTION | |
| Pagination | xvii, 281 p. : |
| Other physical details | ill. ; |
| Dimensions | 23 cm. |
| 504 ## - BIBLIOGRAPHY, ETC. NOTE | |
| Bibliography, etc | Includes bibliography. |
| 650 #0 - SUBJECT ADDED ENTRY--TOPICAL TERM | |
| Topical term or geographic name as entry element | Animal populations. |
| 650 #0 - SUBJECT ADDED ENTRY--TOPICAL TERM | |
| Topical term or geographic name as entry element | Euthenics. |
| 942 ## - ADDED ENTRY ELEMENTS (KOHA) | |
| Source of classification or shelving scheme | Dewey Decimal Classification |
| Koha item type | Books |
| Source of classification or shelving scheme | Damaged status | Not for loan | Home library | Current library | Shelving location | Total Checkouts | Full call number | Barcode | Date last seen | Copy number | Koha item type |
|---|---|---|---|---|---|---|---|---|---|---|---|
| Dewey Decimal Classification | JCC Rouf Library | JCC Rouf Library | General Stacks | 591.524 AND 1963 | 9045 | 01/27/2018 | C - 1 | Books |